| 000 | 01499nam a2200373 c 4500 | ||
|---|---|---|---|
| 003 | BLK | ||
| 005 | 20240701145002.0 | ||
| 008 | 180413b bul|||||r ||||||| ||bul|| | ||
| 010 | _aKNG00026836000 | ||
| 020 |
_a954-527-091-8 _bиздат.: Дамян Яков |
||
| 040 | _aBLK | ||
| 041 |
_aBUL _cBUL |
||
| 080 |
_aБългарска литература _b821.163.2 _x-93-34 _z821.163.2-93-34 |
||
| 700 | 1 |
_aИванчева, Зефира _eсъстав. _9261708 |
|
| 700 | 1 |
_aИванова, Нина _eсъстав. _9267592 |
|
| 700 | 1 |
_aНиколов, Ивайло _eхудож. _9365451 |
|
| 139 |
_aПриказки за Хитър Петър _bП 87 |
||
| 245 | 1 | 0 |
_aПриказки за Хитър Петър _bБълг. нар. приказки _cсъстав. Зефира Иванчева; състав. Нина Иванова; худож. Ивайло Николов. |
| 257 | _aBGR | ||
| 260 |
_аСофия _bДамян Яков _c1998 _fВ. Търново : Абагар |
||
| 300 |
_a120 с. _bс ил. _c22 см |
||
| 380 | _aDX | ||
| 500 | _aОфс. изд. - 2 000 тир. - Доп. тир. 2000. | ||
| 653 | _aприказки | ||
| 653 | _aХитър Петър | ||
| 653 | _aлитература за деца | ||
| 653 | _aдетска литература | ||
| 852 | _aЦб 199896 | ||
| 856 | 4 |
_qpdf _u |
|
| 856 | 4 |
_qpdf _u |
|
| 942 |
_cKNG _n0 _017 |
||
| 944 |
_aCR _c15.01.2003 _k30564 _lГалина Якимова |
||
| 944 |
_aED _c06.02.2013 _k |
||
| 999 |
_c24327 _d24327 |
||